|
|
|
|
| LEADER |
00000cam a2200000 4500 |
| 001 |
vtls011764706 |
| 003 |
SK-MaSNL |
| 005 |
20260301183628.0 |
| 008 |
200104s2018 xo o g 000 0 slo |
| 015 |
|
|
|a SNBA2018/09
|
| 020 |
|
|
|a 9788055160900
|q (brožované)
|
| 035 |
|
|
|a urn:nbn:sk:snk-am00d4qv
|
| 035 |
|
|
|a urn:nbn:sk:snk-am3hlny
|
| 035 |
|
|
|a 61C6F4D0-D386-4BC3-B132-27F2BD190BF2
|
| 040 |
|
|
|a SNK
|b slo
|c SNK
|e rda
|
| 041 |
1 |
|
|a slo
|h fre
|
| 044 |
|
|
|a xo
|c SK
|
| 072 |
|
7 |
|a 796
|x Šport. Hry. Telesné cvičenia
|2 konspekt
|
| 080 |
|
|
|a 796.012.6
|2 2011
|
| 080 |
|
|
|a 796.012.61
|2 2011
|
| 080 |
|
|
|a (035)
|2 2011
|
| 100 |
1 |
|
|a Engammar, Brigitte
|4 aut
|9 559130
|
| 240 |
1 |
0 |
|a 30 jours pour un joli ventre
|l Slovensky
|
| 245 |
1 |
0 |
|a Pevné brucho za 30 dní
|c Brigitte Engammarová ; z francúzskeho originálu 30 jours pour un joli ventre ... preložila Helena Galanová
|
| 250 |
|
|
|a Prvé vydanie
|
| 264 |
|
1 |
|a Bratislava
|b Ikar
|c 2018
|
| 300 |
|
|
|a 85 strán
|b farebné fotografie
|c 23 cm
|
| 336 |
|
|
|a text
|b txt
|2 rdacontent
|
| 336 |
|
|
|a statický obraz
|b sti
|2 rdacontent
|
| 337 |
|
|
|a bez média
|b n
|2 rdamedia
|
| 338 |
|
|
|a zväzok
|b nc
|2 rdacarrier
|
| 650 |
0 |
7 |
|a telesné cvičenia
|2 SNKPH
|9 707
|
| 650 |
0 |
7 |
|a tvarovanie postavy
|2 SNKPH
|9 67988
|
| 650 |
0 |
7 |
|a Physical exercises
|2 SNKPHeng
|9 317833
|
| 650 |
0 |
7 |
|a Bodyforming
|2 SNKPHeng
|9 324680
|
| 655 |
|
7 |
|a príručky
|2 SNKPH
|9 74364
|
| 655 |
|
7 |
|a Handbooks, manuals, etc.
|2 SNKPHeng
|9 90964
|
| 700 |
1 |
|
|a Galanová, Helena,
|d 1949-
|4 trl
|9 191983
|
| 852 |
|
|
|a Štátna vedecká knižnica v Banskej Bystrici
|
| 919 |
|
|
|a 978-80-551-6090-0
|
| 958 |
|
|
|a OP
|
| 968 |
|
|
|b FR
|
| 999 |
|
|
|c 857749
|d 859679
|
| 952 |
|
|
|a SNK
|b SNK
|y PREZ
|7 0
|p 17A1334541
|o snkSC 180689
|i snk2018/15458
|8 0
|0 0
|1 0
|4 0
|d 2018-07-19
|f 1
|l 0
|r 2026-02-24 05:02:09
|w 2026-02-24
|
| 952 |
|
|
|a SNK
|b SNKPULT
|y VYP
|7 0
|p 17A1334542
|o snkSC 180689 D1
|i snk2018/15459
|8 0
|0 0
|1 0
|4 0
|d 2018-07-19
|l 1
|m 1
|q 2026-05-15
|r 2026-02-28 18:19:25
|s 2026-02-28
|w 2026-02-24
|